000 00717nam a2200289Ia 4500
005 20260324151030.0
008 008 260324s9999 xx 000 0 eng d
020 _a9780203704660
037 _aEBOOK
040 _aCRL
040 _beng
040 _cCRL
041 _2eng
041 _aeng
084 _qCRL
100 _aE. A. WALLIS BUDGE
_91162132
245 0 _aRevival: The Liturgy of Funerary Offerings (1909)
245 4 _bThe Egyptian Texts with English Translations
260 _bTaylor and Francis
260 _c1909
365 _a
365 _b230
856 _uhttp://www.taylorfrancis.com/books/9780203704660
942 _cEBOOK
999 _c1838921
_d1838921